000
00336nam a2200133Ia 4500
008
240624s9999 xx 000 0 und d
041
_a
eng
082
_a
332.64524 NEL
100
_a
NELKEN IZZY
245
_a
HEDGE FUND AND INVESTMENT MANAGEMENT
260
_c
2007
_a
Oxford
_b
Elsevier
300
_a
xvi, : 149p. ; 23cm.
365
_c
RS
_b
33
999
_c
4629
_d
4629